Quizzes
Events
Quiz Creation
Community
Videos
Private Events
Remove Ads
Sign In
Join for FREE
Feedback
Dark Mode
Quiz Categories
Sports
Geography
Music
Movies
Television
Just For Fun
Miscellaneous
History
Literature
Language
Science
Gaming
Entertainment
Religion
Holiday
For Kids
Quiz Lab
Recent
Popular Today
Quiz Kudos Today
Editor Picks
Curator Picks
Quizzes by...
Day
Popularity
Type
Ratings
Length
Year
Community
Subscriptions
Recent Discussions
Orange Saloon
Badges
Playlists
Quests
Create
Leaderboards
Showdown
Live 5
Trivia Bingo
Activity
Puzzle Library
Sporcle Events
Private Events
Virtual Trivia
Globe League
Become a Host
Pub Owners
SporcleCon
Opinionation
Our Games
Videos
Blog
Mobile Apps
Partnerships
Remove Ads and Go Orange
Feedback
Music
Pop Music
The Beatles
Song
Album
Lyrics
Bands
Singers
Artist
Clip
Rock
Rap
Classical
Billboard
Country Music
Kpop
Taylor Swift
Music
Pop Music
The Beatles
Song
Album
Lyrics
Bands
Singers
Artist
Clip
Rock
Rap
Classical
Billboard
Country Music
Kpop
Taylor Swift
Random Quiz
Search Sporcle
×
Quiz Lab
Quiz Lab
Music
Kpop Quiz
Type in answers that appear in a list
Type in answers that appear in a list
Classic
Best Score? Go Orange.
HALO or VIXX or UP10TION? Stats
Can you pick the HALO or VIXX or UP10TION??
By
ikasepti92
10m
40 Questions
422 Plays
422 Plays
422 Plays
Comments
Comments
Give Quiz Kudos
Give Quiz Kudos
-
- Ratings
hide this ad
More Info
Forced Order
Answers have to be entered in order
Answers have to be entered in order
Wrong Answers
Some wrong answers will appear in red
Some wrong answers will appear in red
Random Order
Randomize order of answers
Randomize order of answers
Replay
Link that replays current quiz
Next Quiz
Link to next quiz in quiz playlist
You Got
0%
They Got
Avg Score
27%
Avg Friend Score
Upgrade to see
Score Distribution
Jump to the score distribution portion of the page
Score
0/40
Timer
10:00
0
Plays Today
Hint
% Correct
Voodoo doll
???
73%
10 members
???
68%
Starlight
???
64.7%
Hyde
???
64.2%
debut with superhero?
???
56.2%
Bito(나두)
???
54.7%
Dangerous
???
54%
HONEY10
???
49.1%
Baekhyun voice
???
40.3%
Halove
???
36.7%
Knock
???
33.4%
Youngji Error MV
???
30.3%
Feel so good
???
28.4%
Lips look alike Niel
???
28%
Leader One word
???
28%
Memory
???
27.3%
Rookie king masked
???
27%
Have scandal and comeback with feel so good?
???
26.8%
Larva
???
26.3%
Matahari musical
???
23.5%
Hint
% Correct
Phoenix
???
23.5%
Get Down
???
22.7%
Lee chan
???
21.1%
surprise
???
21.1%
If I ruled the world
???
18.7%
Mama Beat
???
17.5%
Far away young love
???
16.4%
Come on now
???
16.1%
Kiss with min dohee
???
12.8%
Similar name with VAV and WJSN member
???
11.8%
there isnt 7 songs from VIXX/
UP10TION/
HALO
???
11.4%
Lee sungjoon
???
10.4%
Dancing in the rain
???
9%
Sinchan
???
8.5%
outhaeng
???
5.5%
Touch
???
5.2%
Hwarang The Beginning
???
3.3%
Ex member twi-
light
???
3.3%
Hunger game parody
???
1.9%
Hold On To Life
???
1.2%
Quiz Playlist
Details
Report
Send in Message
Add To Playlist
More Info:
0/40
Classic:
Type in answers that appear in a list
Forced Order:
Answers have to be entered in order
Wrong Answers:
Some wrong answers will appear in red
Random Order:
Randomize order of answers
Last Updated: Aug 24, 2017
Quiz Scoreboard
CHALLENGE
Sign Up to Join the Scoreboard
Show All
Scores
Hide
Comments
May contain spoilers
Recently Published
Presidents Visiting Landmarks
by Hejman
History
7m
An Introduction to Baseball
by treessimontrees
Sports
5m
Movies - When Are They Set?
by FPL_Elf
Movies
5m
More to Explore
Quiz From the Vault
Featured Blog Post
Where Did the Easter Bunny Come From?
hide this ad
You Might Also Like...
Tags
Kpop Quiz
Today's Top Quizzes in Music
Browse Music
hide this ad
Today's Top Quizzes in Kpop Quiz
Browse Kpop Quiz
Top Contributed Quizzes in Music
1
Taylor Swift All Songs (2024)
2
Guess the Artist- 70s Songs
3
Taylor Swift Logic Puzzle
4
KPOP LOGIC QUIZ
5
One Thing in Common: Music
6
2010s Album by Cover III
7
7-to-1: Billboard Hot 100 #1 Hits of 2010s
8
Guess the Taylor Swift song (Mystery Song)
9
Sorting Albums and Songs
10
2000s Album Cover Bunker
Explore More
Trending Topics
NBA
Crossword
Anime
Kpop
Harry Potter
Marvel
Disney
WWE
NFL
Soccer
Pokémon
Puzzle
The Office
Song
Country
hide this ad
More By:
ikasepti92
Quiz
Plays
Rating
Category
Featured
Created
unscramble member of boygroups pt.2
1,599
4.00
Music
Apr 14, 2016
unscramble kpop songs
932
5.00
Music
Apr 11, 2016
unscramble kpop groups
836
3.00
Music
Apr 9, 2016
unscramble member of girlgroups
791
4.67
Music
Apr 12, 2016
unscramble member of boygroups
766
Music
Apr 12, 2016
Go to Creator's Profile
Score Distribution
Quiz Creator Spotlight
ikasepti92
Follow
Send a Message
Quizzes Created
-
Created Quiz Play Count
-
More By This Creator
Popular Quizzes Today
1
Find the US States - No Outlines Minefield
2
Find the Countries of Europe - No Outlines Minefield
3
The Countries of the World
4
Find the US States
5
Popular People in 1961
6
US States
7
Risky Map Clicking: Biggest States A-Z
8
1-10 Letter E Words III
More Music Quizzes
Kacey Musgraves Songs By Any Word
Curator's Pick
Trending Quizzes
Risky Map Clicking: Least Populous States A-Z
1-10 Letter G Words
1-10 Letter F Words
One Thing in Common: United Kingdom
Risky Map Clicking: Next State Alphabetically
Recently Updated
Leaping Animals
pecheneg
Reality TV Shows (A-Z)
bhenderson79
Rickey Henderson's Hall of Fame Teammates
pecheneg
Champions League XIs: Arsenal
pecheneg
Quick Pick: Celebrities in WWE's Hall of Fame
aduchscher
A-Z Keypad Blitz II
pecheneg
Multiple Oscar Actors
pecheneg
Mystery Phrase Blitz: Oscar 'Best Actors'
pecheneg
F. Scott Fitzgerald Novels
LTH
Pick 3 Villains
ddd62291
Trending Topics
Marvel
NBA
Crossword
Disney
Harry Potter
Anime
Kpop
Pokémon
Song
Soccer
Country
NFL
The Office
Puzzle
WWE
Your Account Isn't Verified!
In order to create a playlist on Sporcle, you need to verify the email address you used during registration. Go to your
Sporcle Settings
to finish the process.
Report this User
Report this user for behavior that violates our
Community Guidelines
.
Details:
Send Report
Go to the Sporcle.com Mobile Site →
Comments